004730000a22001570004500020001800000082001200018100001800030245005700048260003100105300001400136650002400150001000400174942000800178952011200186999001700298 a0-517-67164-604aB T382b1 aThomson, Ruth10aBabys first word book / Ruth Thomson, il. : Lan Beck aNew York : Derrydale Books a[ 32 P. ]14aLiteratura Infantil790 cLGB 0010304070aBINCObBINCOd2006-04-15l0oB T382b pB31103r2016-11-24 00:00:00t1w2016-01-26yLGBB0C3 c47994d47994